Представление документа в формате MARC21

Поле Инд. ПП Название Значение
Тип записи a
Библиографический уровень a
001 Контрольный номер 7a1cf218206148068951d9a080aaf1d6
005 Дата корректировки 20211214082736.0
020 a ISBN 5-7609-0031-5
040 a Служба первич. каталог. НБ ТвГУ
b Код языка каталог. rus
e Правила каталог. PSBO
041 0_ a Код языка текста rus
097 b Оператор Komarova.ES
245 10 a Заглавие Электрорасщепление дейтрона на пороге электроразвала с учетом мезонных обменных токов в области больших переданных импульсов
260 a Место издания Тверь
b Издательство Тверской государственный университет
504 a Библиография Библиогр.: с. 65-66 (25 назв.)
520 0_ a Аннотация Статья посвящена электрорасщеплению дейтрона на пороге электроразвала с учетом мезонных обменных токов в области больших переданных импульсов.
653 0_ a Ключевые слова Импульсы
a Ключевые слова Дубна, город
a Ключевые слова Рассеяние
a Ключевые слова Сечение
a Ключевые слова Кварк-глюонные степени
a Ключевые слова Электромагнитные формфакторы
700 12 a Другие авторы Буров В. В.
700 12 a Другие авторы Гой А. А.
700 12 a Другие авторы Суськов С. Э.
700 12 a Другие авторы Чубов Ю. В.
773 18 w Контрольный № источника 8dd4a9a7-6ea8-4547-ad85-aa529af79c11
t Название источника Теория квантовых систем с сильным взаимодействием
d Место и дата издания Тверь : Тверской государственный университет, 1995
g Прочая информация С. 53-66
901 t Тип документа a
920 a Оператор Кома
954 b Дата поступления в ОК 20211214